| 000 | 00656nam a22001937a 4500 | ||
|---|---|---|---|
| 003 | koha_MIRAKIL | ||
| 005 | 20260225132849.0 | ||
| 008 | 260225b tur||||| |||| 00| 0 tur d | ||
| 020 | _a9786253692445 | ||
| 040 |
_aTR-IsEVY _btur _cTR-IsEVY |
||
| 082 | _aFIC ÖZD/Y | ||
| 100 | _aÖzdem, Filiz | ||
| 245 | 0 |
_aYedi başlı ejderhanın başından geçen çok acayip şeyler / _cFiliz Özdem ; resimleyen Mert Tugen. |
|
| 260 |
_aİstanbul : _bEverest Çocuk Yayınları, _c2024. |
||
| 300 |
_a111 s. : _brenkli resimli ; _c19 cm. |
||
| 650 |
_aÇocuk Edebiyatı. _vÇocuk Masalları. _xMasallar. |
||
| 700 | 1 |
_aTugen, Mert. _cresimleyen. |
|
| 942 |
_2ddc _cBK |
||
| 999 |
_c23386 _d23386 |
||